| 000 | 00784nam a2200253 a 4500 | ||
|---|---|---|---|
| 001 | BRCA_5278 | ||
| 005 | 20190320205019.0 | ||
| 008 | 011210s1964----xr-af#####---#000-0#eng-# | ||
| 041 | _aeng | ||
| 044 | _axr | ||
| 050 | 4 |
_aND545 _b.T35 1964 |
|
| 100 | 1 |
_aTalbot Rice, Tamara _913522 |
|
| 245 | 1 | 0 |
_aRussian Icons _cby Tamara Talbot Rice. |
| 260 |
_aChecoslovaquia _bSpring Books _c1964 |
||
| 300 |
_a40 p. _bil. a color, 48 láminas _c28 cm. |
||
| 440 | 0 |
_aSpring Art Books _911941 |
|
| 500 | _aIncluye notas de las láminas | ||
| 500 | _aDonación Dr. Héctor Rivero Borrell Vázquez | ||
| 500 | _aEstado físico: camisa rota | ||
| 650 | 1 | 4 |
_aPintura religiosa _xHistoria _zRusia _913523 |
| 650 | 1 | 4 |
_aIconos religiosos _xHistoria _zRusia _913524 |
| 902 | _aDHR | ||
| 942 |
_2lcc _cB |
||
| 999 |
_c4972 _d4972 |
||